Statistics for 100 Largest Cities in Asia

Click here to take the quiz!

General Stats

  • This quiz has been taken 423 times
  • The average score is 68 of 100

Answer Stats

#PopulationCityCountry% Correct
325.7 milDelhiIndia
99%
137.7 milTokyoJapan
99%
1120.3 milBeijingChina
98%
231.3 milJakartaIndonesia
98%
622.8 milMumbaiIndia
98%
1416.9 milOsaka-Kobe-KyotoJapan
98%
423.5 milSeoul-IncheonSouth Korea
98%
822.6 milShanghaiChina
98%
522.9 milManilaPhilippines
97%
2213.6 milTehranIran
97%
1815.3 milBangkokThailand
96%
1616.2 milDhakaBangladesh
96%
722.8 milKarachiPakistan
96%
1233.6 milDubaiUnited Arab Emirates
94%
1318.5 milGuangzhou-FoshanChina
94%
665.8 milRiyadhSaudi Arabia
94%
418.5 milTaipeiTaiwan
94%
894.6 milAnkaraTurkey
93%
3510 milHo Chi Minh CityVietnam
92%
924.3 milKuwait CityKuwait
92%
546.7 milBaghdadIraq
91%
467.4 milHanoiVietnam
91%
3210.3 milLahorePakistan
91%
715.7 milSingaporeSingapore
91%
1832.6 milDamascusSyria
90%
2014.8 milKolkataIndia
90%
507.3 milKuala LumpurMalaysia
90%
1622.8 milPyongyangNorth Korea
88%
517.2 milHong KongChina
87%
1093.7 milJeddahSaudi Arabia
87%
1213.6 milKabulAfghanistan
87%
379.9 milChennaiIndia
86%
1852.5 milRawalpindi-IslamabadPakistan
86%
447.6 milWuhanChina
85%
626.1 milXianChina
85%
1712.7 milBakuAzerbaijan
84%
3410.1 milBangaloreIndia
84%
1543 milTel AvivIsrael
84%
2811.2 milTianjinChina
84%
1702.7 milKathmanduNepal
83%
3610 milNagoyaJapan
83%
755.3 milYangonMyanmar
83%
1063.8 milBusanSouth Korea
82%
437.7 milHyderabadIndia
82%
1572.9 milHyderabadPakistan
82%
1493.1 milSana'aYemen
82%
1682.7 milTashkentUzbekistan
80%
3110.6 milChengduChina
79%
477.4 milChongqingChina
79%
497.4 milAhmedabadIndia
76%
1403.2 milChittagongBangladesh
76%
874.7 milXiamenChina
76%
576.3 milNanjingChina
74%
1193.6 milAleppoSyria
72%
2512.2 milShenzhenChina
72%
814.9 milSurabayaIndonesia
72%
834.9 milHarbinChina
71%
1473.1 milIzmirTurkey
71%
685.7 milPuneIndia
71%
457.6 milHangzhouChina
66%
1373.3 milUrumqiChina
65%
616.2 milShenyangChina
64%
695.7 milBandungIndonesia
63%
1273.4 milJaipurIndia
63%
645.9 milQingdaoChina
63%
725.6 milSuratIndia
63%
1812.6 milFukuokaJapan
56%
1393.2 milLucknowIndia
55%
1123.7 milHefeiChina
54%
994 milFuzhouChina
53%
1123.7 milKunmingChina
53%
1013.9 milMedanIndonesia
53%
1093.7 milChangshaChina
52%
705.7 milZhengzhouChina
52%
944.3 milDalianChina
48%
1163.6 milFaisalabadPakistan
47%
1742.6 milNanningChina
45%
1383.2 milWenzhouChina
45%
1722.7 milNagpurIndia
43%
1892.5 milKaohsiungTaiwan
41%
1523 milKanpurIndia
39%
1053.8 milJinanChina
38%
1043.8 milNingboChina
37%
745.3 milSuzhouChina
35%
428.2 milDongguanChina
32%
1093.7 milTaiyuanChina
32%
1253.5 milShijiazhuangChina
31%
1333.4 milChangchunChina
29%
1692.7 milLanzhouChina
28%
1363.3 milMashadIran
28%
1183.6 milWuxiChina
28%
1672.7 milNanchangChina
27%
1543 milGuiyangChina
23%
1882.5 milCoimbatoreIndia
22%
1872.5 milCebu CityPhilippines
19%
527 milQuanzhouChina
12%
1263.5 milChangzhouChina
10%
1912.5 milLinyiChina
8%
1443.2 milZhongshanChina
7%
1433.2 milZhangiagangChina
2%

Score Distribution

Percentile by Number Answered

Percent of People with Each Score

Your Score History

You have not taken this quiz